000
00237nam a22001097a 4500
008
170124b xxu||||| |||| 00| 0 eng d
020
_a
1435487486
041
_a
eng
080
_a
618.2
245
_a
CONCEPT MEDIA
_c
DELMAR
942
_2
udc
_c
BK
999
_c
3511
_d
3511